| 000 | 00000nam##2200000za#4500 |
| 001 | 9.580998 |
| 003 | CaOODSP |
| 005 | 20231208112832 |
| 007 | cr ||||||||||| |
| 008 | 150406|2010||||xxc|||||o f|0| 0 eng|d |
| 040 | |aCaOODSP|beng |
| 043 | |an-cn--- |
| 086 | 1 |aPS83-5/R228E-PDF |
| 110 | 1 |aCorrectional Service Canada. |bResearch Branch. |
| 245 | 10|aProfile of offenders readmitted for violent offences while on conditional release / |h[electronic resource]|cPrepared by: Marsha Axford. |
| 260 | |aOttawa - Ontario : |bCorrectional Service Canada. |cNovember 2010. |
| 300 | |a1p. |
| 490 | 1 |aResearch at a glance|vR-228 |
| 590 | |a14-19-Supp|b2014-11-03 |
| 775 | 08|tProfil des délinquants réadmis pour des infractions avec violence commises pendant leur période de liberté sous condition / |w(CaOODSP)9.607884 |
| 830 | #0|aResearch at a glance (Correctional Service Canada)|vR-228|w(CaOODSP)9.506649 |
| 856 | 40|ahttp://publications.gc.ca|qPDF|s149 KB|uhttps://publications.gc.ca/collections/collection_2014/scc-csc/PS83-5-R228-eng.pdf|yR-228 |